| 000 | 00353nam a22001337a 4500 | ||
|---|---|---|---|
| 999 |
_c16842 _d16842 |
||
| 008 | 180621b xxu||||| |||| 00| 0 eng d | ||
| 020 | _a0324376596 | ||
| 100 | _aMankiw, Gregory | ||
| 245 |
_aBrief Principles of Macroeconomics _cGregory Mankiw |
||
| 250 | _a4th ed | ||
| 260 |
_aAustralia _bThomson _c2007 |
||
| 300 | _axxxi, 469p. | ||
| 942 |
_2lcc _cBK |
||